000 00402nam a2200157 i 4500
001 bg
100 1 _aBASS, Fridrich Geršonovič.
245 0 _aRassejanie voln na statičeski nerovnoj poverchnosti /
_cF.G. Bass, I.M. Fuks.
260 _aMoskva,
_c1972.
700 1 _aFUKS, I. M.
040 _cBPK
041 _apol
080 _a538.9
942 _cKS
008 s pl f |000 0 pol
999 _c15343
_d15343
856 _uhttp://koha.tu.koszalin.pl/cgi-bin/koha/opac-detail.pl?biblionumber=15343
_yKatalog online BPK